Science Quiz

Random Science or Elements Quiz

Elements By Symbol #1-36,47,79,80,82 Quiz Stats

 Plays Quiz not verified by Sporcle

Support Sporcle.
Go Orange.
Score 0/40 Timer 09:00
0 Plays Today
Element Symbol Element Name (Spelling Counts!) % Correct
OOxygen
93.3%
HHydrogen
92.5%
HeHelium
91.6%
LiLithium
90.7%
BBoron
90.1%
NNitrogen
89.5%
ZnZinc
89%
NeNeon
88.7%
ArArgon
86.8%
CCarbon
86.3%
MgMagnesium
86.3%
TiTitanium
85.9%
ClChlorine
85.8%
AlAluminum
84.7%
AuGold
84.7%
CuCopper
84.6%
NaSodium
84.2%
KPotassium
84.2%
SiSilicon
83.2%
Ninickel
83%
Element Symbol Element Name (Spelling Counts!) % Correct
KrKrypton
82%
SSulfur
81.3%
CoCobalt
81%
CaCalcium
80.6%
Feiron
80.4%
AgSilver
80.1%
PPhosphorus
76.3%
FFluorine
76.2%
MnManganese
76.2%
BrBromine
76%
PbLead
75.1%
BeBeryllium
75%
GaGallium
72.2%
AsArsenic
71.5%
ScScandium
70.7%
GeGermanium
69%
SeSelenium
67.4%
CrChromium
66%
HgMercury
65.9%
VVanadium
63.6%

You're not logged in!

Compare scores with friends on all Sporcle quizzes.
OR
Log In

From the Vault

'70s Timeline Picture Click

by Hejman

You won't have Sporcle to kick around in your bell bottoms and platform shoes anymore.
Remove Ads.
Support Sporcle.
Get the best of Sporcle when you Go Orange. This ad-free experience offers more features, more stats, and more fun while also helping to support Sporcle. Thank you for becoming a member.

Show Comments

Extras

Created Feb 14, 2011ReportNominate
Tags:Elements Quiz

Top Quizzes Today


Score Distribution

Your Account Isn't Verified!

In order to create a playlist on Sporcle, you need to verify the email address you used during registration. Go to your Sporcle Settings to finish the process.

Report this User

Report this user for behavior that violates our Community Guidelines.

Details: